| 000 | 00678nam a2200193 a 4500 | ||
|---|---|---|---|
| 001 | 000034800 | ||
| 005 | 20200930073918.0 | ||
| 008 | 111020s1985 pr 000 p spa d | ||
| 040 |
_aDO-SdBNP _bspa _cBNPHU |
||
| 082 |
_aPR861.44 _bM433r |
||
| 100 | 1 |
_aMatos Paoli, Francisco, _d1915-2000 _99173 |
|
| 245 | 1 | 0 |
_aRomancillos para adolescentes / _cFrancisco Matos Paoli. |
| 260 |
_aRío Piedra : _bEdiciones Mairena, _c1985. |
||
| 300 |
_a111 p. ; _c21 cm. |
||
| 590 | _aPerteneció a la biblioteca personal de Juan Isidro Jimenes Grullón. | ||
| 650 | 4 |
_aPoesía puertorriqueña _91015 |
|
| 650 | 4 |
_aLiteratura puertorriqueña _9250 |
|
| 910 | _aValidado. Control de calidad BNPHU | ||
| 999 |
_c34291 _d34291 |
||